[Event "Paris-ch op-B"]
[Site "Paris"]
[Date "2009.07.06"]
[Round "3"]
[White "Poirier, Luc"]
[Black "Pluyaud, Benoit"]
[Result "1/2-1/2"]
[WhiteElo "1711"]
[BlackElo "1827"]
[PlyCount "48"]
[EventDate "2009.07.04"]
[EventType "swiss"]
[EventRounds "9"]
[EventCountry "FRA"]
[SourceTitle "EXT 2010"]
[Source "ChessBase"]
[SourceDate "2010.11.25"]
[SourceVersion "1"]
[SourceVersionDate "2010.11.25"]
[SourceQuality "1"]

1. d4 Nf6 2. Nf3 e6 3. e3 b6 4. Bd3 Bb7 5. Nbd2 c5 6. 0-0 cxd4 7. exd4 Be7 8. Qe2 0-0 9. Re1 d6 10. c3 Nbd7 11. Bc2 a5 12. h3 Ba6 13. Bd3 Bxd3 14. Qxd3 Qc8 15. Ne4 Nxe4 16. Qxe4 b5 17. Bg5 Bxg5 18. Nxg5 Nf6 19. Qf3 Rb8 20. Ne4 Nxe4 21. Rxe4 Qc6 22. Qe2 Rfc8 23. Re3 Qc4 24. Qg4 Qd5 1/2-1/2